Les colònies de gats en l'àmbit urbà
Descripción Física:
1 díptic ; il·lustracions color ; 21 cm
Idioma:
Catalán
MARC
| LEADER | 00000nam a22000007a 4500 | ||
|---|---|---|---|
| 001 | 28811 | ||
| 003 | AGDB | ||
| 005 | 20260324181530.0 | ||
| 008 | 230516b spa||||| |||| 00| 0 cat d | ||
| 017 | |a B 17497-2024 | ||
| 040 | |a agdb |b cat | ||
| 245 | |a Les colònies de gats en l'àmbit urbà | ||
| 260 | |a Barcelona : |b Diputació de Barcelona ; |c 2024 | ||
| 300 | |a 1 díptic ; |b il·lustracions color ; |c 21 cm | ||
| 650 | 0 | |9 55867 |a Gats |x Control biològic | |
| 655 | 0 | |a Fulletons |9 55858 | |
| 710 | |a Barcelona (Catalunya : Província). |b Àrea de Comerç, Consum i Salut Pública |9 71966 | ||
| 710 | |a Santa Margarida de Montbui (Catalunya). |b Ajuntament |9 71999 | ||
| 942 | |c ARXIU |n 1 |2 udc | ||
| 952 | |0 0 |1 0 |4 0 |6 FU7835 |7 1 |9 98005 |a Arxiu |b Arxiu |d 2025-04-30 |l 0 |o FU-78-35 |p 28811 |r 2025-04-30 00:00:00 |w 2025-04-30 |y ARXIU | ||
| 999 | |c 129794 |d 129794 | ||